|
|
|
|
| LEADER |
00000nab a2200000 a 4500 |
| 001 |
vtls000392663 |
| 003 |
SK-MaSNL |
| 005 |
20260304082844.0 |
| 008 |
250424c1990 xo 0 slo |
| 015 |
|
|
|a SNBRB19rr/mm-uuuuu
|
| 035 |
|
|
|a CL0392787
|
| 035 |
|
|
|a urn:nbn:sk:snk-ab9bv
|
| 035 |
|
|
|a (urnnbn)urn:nbn:sk:snk:ar-a03c6z
|
| 035 |
|
|
|a (uuid)698c3dce-b86d-41b1-8795-d51c612c1899
|
| 040 |
|
|
|a SNKBUCL
|b slo
|c SNKBUCL
|e AACR2
|
| 041 |
0 |
|
|a cze
|
| 044 |
|
|
|a xo
|c SK
|
| 080 |
|
|
|a 615.84-051
|2 1981
|
| 080 |
|
|
|a 616-006-051
|2 1981
|
| 080 |
|
|
|a 378.124
|2 1981
|
| 080 |
|
|
|a 929 Hupka, Štefan
|2 1981
|
| 100 |
1 |
|
|a Dienstbier, Zdeněk,
|d 1926-2012
|4 aut
|9 174602
|
| 245 |
1 |
0 |
|a Sedmsedát let doc. MUDr. Štefana Hupky DrCs
|c Zdeněk Dienstbier
|
| 600 |
1 |
7 |
|a Hupka, Štefan,
|d 1920-2008
|2 snkbucl
|9 40386
|
| 655 |
|
7 |
|a články z novín a časopisov
|2 snkbucl
|9 267496
|
| 773 |
0 |
|
|t Bratislavské lekárske listy
|g Roč. 91, č. 6 (1990), s. 500
|
| 850 |
|
|
|a Slovenská národná knižnica
|
| 852 |
|
|
|a Slovenská národná knižnica
|
| 954 |
|
|
|a odborná, vedecká literatúra cudzojazyčná (svetová)
|2 lita
|
| 958 |
|
|
|a article27
|
| 958 |
|
|
|a BX
|
| 958 |
|
|
|a RK
|
| 958 |
|
|
|a MI
|
| 958 |
|
|
|a OND
|
| 958 |
|
|
|a EUIPO
|
| 992 |
|
|
|a RBX
|
| 999 |
|
|
|c 2798501
|d 2800431
|